000 00581nam a2200217Ia 4500
005 20250425162352.0
008 250425s9999 xx 000 0 und d
020 _a0201738279
041 _aeng
082 _a004.678
100 _aSMITH, RODERICK W.
245 0 _aBROADBAND INTERNET CONNECTIONS: A USER S GUIDE TO DSL AND CABLE
250 _a1ST ED.
260 _aEstados Unidos
_bADDISON - WESLEY
_c2002
260 _aUPPER SADDLE RIVER
300 _a616
650 _aINTERNET
650 _aSISTEMAS DE COMUNICACION DE BANDA ANCHA
942 _c01
010 _a66454
999 _c227813
_d227813